Regionální konkurenceschopnost, prosperita a dynamika rozvoje - jejich smysluplnost v kontextu politiky hospodářské a sociální soudržnosti EU

Definícia a porovnanie významu pojmov: konkurencieschopnosť regiónov, prosperita regiónov a dynamika regionálneho rozvoja. Konkurencieschopnosť, prosperita a dynamika rozvoja regiónov ČR NUTS II - vybrané aspekty. Dynamika vývoja HDP/obyvateľa v období 1995-2009. Vývoj miery nezamestnanosti za NUTS...

Ausführliche Beschreibung

Gespeichert in:
Bibliographische Detailangaben
1. Verfasser: Boháčková, Ivana
Weitere Verfasser: Svatošová, Libuše
Format: Buchkapitel
Sprache:Tschechisch
Schlagworte:
Tags: Tag hinzufügen
Keine Tags, Fügen Sie das erste Tag hinzu!

MARC

LEADER 00000nla a2200000 4500
001 0157606
005 20221104125940.6
041 0 |a cze 
044 |a CZ 
245 1 0 |a Regionální konkurenceschopnost, prosperita a dynamika rozvoje - jejich smysluplnost v kontextu politiky hospodářské a sociální soudržnosti EU  |c Ivana Boháčková, Libuše Svatošová 
520 |a Definícia a porovnanie významu pojmov: konkurencieschopnosť regiónov, prosperita regiónov a dynamika regionálneho rozvoja. Konkurencieschopnosť, prosperita a dynamika rozvoja regiónov ČR NUTS II - vybrané aspekty. Dynamika vývoja HDP/obyvateľa v období 1995-2009. Vývoj miery nezamestnanosti za NUTS II (1999-2008). 
610 2 0 |a regióny 
610 2 0 |a kraje 
610 2 0 |a rozvoj regionálny 
610 2 0 |a konkurencieschopnosť 
610 2 0 |a prosperita ekonomická 
610 2 0 |a rozvoj hospodársky 
610 2 0 |a politika hospodárska 
610 2 0 |a Česko 
610 2 0 |a Európska únia 
100 1 |a Boháčková, Ivana 
700 1 |a Svatošová, Libuše